000 00458nam a2200181Ia 4500
001 17507
005 20260306171522.0
008 260306s9999||||xx |||||||||||||| ||und||
041 _aESP
082 _a658
_bR76
100 _aRodríguez Valencia, Joaquín
_eAUT
245 0 _aCómo elaborar y usar los manuales administrativos
260 _c2002
300 _ax, 179 páginas :
_c23 cm.
650 _aGEN
654 _aCAN
942 _cLIB
_dJUS
_fJUS
_2ddc
_n
999 _c17507
_d17507